000
00243nmm a2200085Ia 4500
008
220120s9999||||xx |||||||||||||||||und||
100
_a
PCQ
245
0
_a
Free network security software for SMES and security tools
260
_a
Cyber media Pvt. Ltd.
999
_c
139745
_d
139745